000 00620nam a2200217Ia 4500
005 20260429112135.0
008 260429s9999||||xx |||||||||||||| ||und||
020 _a9781032525648
041 _aEnglish
082 _a658.8
_bDAR
100 _aDaryanto, Ahmad
245 0 _aIntroduction to quantitative research methods for marketing :
_btools and techniques using SPSS and R /
_cAhmad Daryanto
250 _a1st ed.
260 _aLondon :
_bRoutledge,
_c2025.
300 _axxxv, 453 p.; pbk
650 _a Marketing
650 _a Methods
650 _a SPSS
650 _aQuantiative research
942 _cTB
999 _c52558
_d52558